<?xml version="1.0" encoding="UTF-8"?><?xml-stylesheet type="text/xsl" href="static/style.xsl"?><OAI-PMH xmlns="http://www.openarchives.org/OAI/2.0/" xmlns:xsi="http://www.w3.org/2001/XMLSchema-instance" xsi:schemaLocation="http://www.openarchives.org/OAI/2.0/ http://www.openarchives.org/OAI/2.0/OAI-PMH.xsd"><responseDate>2026-06-01T23:27:46Z</responseDate><request verb="GetRecord" identifier="oai:riuma.uma.es:10630/31914" metadataPrefix="marc">https://riuma.uma.es/rest/oai/request</request><GetRecord><record><header><identifier>oai:riuma.uma.es:10630/31914</identifier><datestamp>2026-02-03T12:06:29Z</datestamp><setSpec>com_10630_2254</setSpec><setSpec>col_10630_37959</setSpec></header><metadata><record xmlns="http://www.loc.gov/MARC21/slim" xmlns:dcterms="http://purl.org/dc/terms/" xmlns:doc="http://www.lyncode.com/xoai" xmlns:xsi="http://www.w3.org/2001/XMLSchema-instance" xsi:schemaLocation="http://www.loc.gov/MARC21/slim http://www.loc.gov/standards/marcxml/schema/MARC21slim.xsd">
   <leader>00925njm 22002777a 4500</leader>
   <datafield ind2=" " ind1=" " tag="042">
      <subfield code="a">dc</subfield>
   </datafield>
   <datafield ind2=" " ind1=" " tag="720">
      <subfield code="a">Vegas-Gómez, Laura</subfield>
      <subfield code="e">author</subfield>
   </datafield>
   <datafield ind2=" " ind1=" " tag="720">
      <subfield code="a">Gutiérrez-Sastre, Cristina</subfield>
      <subfield code="e">author</subfield>
   </datafield>
   <datafield ind2=" " ind1=" " tag="720">
      <subfield code="a">Arredondo-Alcalá, María Ángeles</subfield>
      <subfield code="e">author</subfield>
   </datafield>
   <datafield ind2=" " ind1=" " tag="720">
      <subfield code="a">Gutiérrez-Pérez, Antonia</subfield>
      <subfield code="e">author</subfield>
   </datafield>
   <datafield ind2=" " ind1=" " tag="720">
      <subfield code="a">Moreno-González, Inés</subfield>
      <subfield code="e">author</subfield>
   </datafield>
   <datafield ind2=" " ind1=" " tag="260">
      <subfield code="c">2024</subfield>
   </datafield>
   <datafield ind2=" " ind1=" " tag="520">
      <subfield code="a">Recent studies suggest that depression may be a crucial risk factor for the development of&#xd;
cognitive impairment and Alzheimer's disease (AD). In fact, there is a strong association&#xd;
between late-life depression and AD. The age of AD onset has been shown to be accelerated in&#xd;
patients with mild cognitive impairment (MCI) with a history of depression, and women appear to&#xd;
be particularly more vulnerable to this condition. In addition, individuals with MCI who present&#xd;
depressive symptoms have an elevated burden of amyloid-beta, the main toxic protein&#xd;
associated with AD pathology, and a higher risk of developing AD compared to non-depressed&#xd;
MCI patients. Although it has been described that some transgenic models of AD can develop&#xd;
signs similar to depression in advanced stages, the induction of AD pathology due to a&#xd;
depressive process has not been studied under experimental conditions to emulate late-life&#xd;
depression as a risk factor for dementia. The objective of this study is to determine, by inducing&#xd;
unpredictable mild chronic stress (CUMS) in tau transgenic P301S mice, whether depression is&#xd;
a cause, rather than a consequence, of tau-associated pathology. The results of our study&#xd;
indicate that the induction of CUMS in transgenic animals accelerates tau pathology, synaptic&#xd;
impairment, elevates neuroinflammation, and triggers GABAergic alterations, in addition to&#xd;
worsen clinical signs. The findings generated in this project could provide solid evidence of&#xd;
depression as a risk factor for AD and other tauopathies.</subfield>
   </datafield>
   <datafield ind1="8" ind2=" " tag="024">
      <subfield code="a">https://hdl.handle.net/10630/31914</subfield>
   </datafield>
   <datafield tag="653" ind2=" " ind1=" ">
      <subfield code="a">Alzheimer, Enfermedad de</subfield>
   </datafield>
   <datafield tag="653" ind2=" " ind1=" ">
      <subfield code="a">Depresión mental - Modelos animales</subfield>
   </datafield>
   <datafield ind2="0" ind1="0" tag="245">
      <subfield code="a">Cognitive decline and tau-associated pathology worsen after late-life depression in P301S mice.</subfield>
   </datafield>
</record>
</metadata></record></GetRecord></OAI-PMH>